000 00598nam a22002417a 4500
001 BR7375389
003 BR-BrBNA
005 20230928084421.0
007 ta
008 230509b bl.||||| |||| 00| 0 por d
040 _aBR-BrBNA
_bpor
_cBiblioteca Nacional de Agricultura
041 _a(Por)
072 _aE10
090 _ E10 BR7375389
100 1 _aSantos, D.
245 1 _aContabilidade agricola
260 3 _aSao Paulo, SP (Brasil):
_c[nd].
300 _a291 p.
500 _aPublished after 1916
650 _aCONTABILIDADE
909 _a202309
_bLucia
_c55
_dLucia Elande
942 _cBK
999 _c18810
_d18810